000 03817cam a22003617a 4500
999 _c7007
_d7007
001 18578362
003 GBCCL
005 20241126110617.0
008 150416s2014 ilu b 001 0 eng d
010 _a 2012287868
020 _a0802409695
020 _a9780802409690
035 _a(OCoLC)ocn826685542
040 _aYDXCP
_beng
_cYDXCP
_dBDX
_dCNTCS
_dOCLCO
_dSGB
_dMXL
_dDLC
_erda
_dDLC
042 _alccopycat
050 0 0 _aBS2595.53
_b.M334 2014
082 0 4 _a225.77
_bMAC
100 1 _aMacArthur, John,
_d1939-
_91165
245 1 0 _aLuke 18-24 /
_cJohn MacArthur.
250 _aIndian edition
264 1 _aChicago :
_bMoody Publishers,
_c2014.
300 _aviii, 488 pages ;
_c24 cm.
490 1 _aThe MacArthur New Testament commentary
504 _aIncludes bibliographical references (pages 457-458) and indexes.
505 0 _aPersistent prayer for the Lord's return (Luke 18:1-8) -- Who can be right with God? (Luke 18:9-14) -- Children and the Kingdom of God (Luke 18:15-17) -- The impossibility of salvation (Luke 18:18-30) -- Jesus predicts His sufferings (Luke 18:31-34) -- A blind beggar receives saving sight (Luke 18:35-43) -- A sinner meets the seeking Savior (Luke 19:1-10) -- Fitting rewards from the returning king (Luke 19:11-27) -- Jesus' humble coronation (Luke 19:28-44) -- The King confronts corruption (Luke 19:45-48) -- Rejecting the King's authority (Luke 20:1-8) -- The murder of God's Son: a prophetic parable (Luke 20:9-18) -- A diagnosis of the Christ rejecters (Luke 20:19-26) -- The Savior silences the Sadducees (Luke 20:27-40) -- David's Son and Lord (Luke 20:41-44) -- Confronting error with condemnation, not conversation (Luke 20:45-21:4) -- Signs of Christ's return -- Part 1: Jesus' description of the temple's destruction (Luke 21:5-7) -- Signs of Christ's return -- Part 2: Why Jesus must return to earth (Luke 21:8) -- Signs of Christ's return -- Part 3: Birth pains (Luke 21:8-19) -- Signs of Christ's return -- Part 4: The end is near (Luke 21:20-24) -- SIgns of Christ's return -- Part 5: Celestial signs of the coming Savior (Luke 21:25-28) -- SIgns of Christ's return -- Part 6: The final generation (Luke 21:29-33) -- Signs of Christ's return -- part 7: The believer's gift to Christ (Luke 21:34-36) -- Preparation for the cross (Luke 21:37-22:13) -- The final Passover, the first communion (Luke 22:14-20) -- Table talk on trouble and triumph (Luke 22:21-38) -- Four features of triumphant prayer (Luke 22:39-46) -- A traitorous kiss for the triumphant Savior (Luke 22:47-53) -- The danger of spiritual overconfidence (Luke 22:54-62) -- The sinless Savior before the sinister Sanhedrin (Luke 22:63-71) -- Christ's civil trials -- Part 1: Preliminary hearings before Pilate and Herod (Luke 23:1-12) -- Christ's civil trials -- Part 2: The final verdict from the fickle judge (Luke 23:13-25) -- Characters on the road to the cross (Luke 23:26-32) -- The King crucified: the comedy at Calvary (Luke 23:33-49) -- THe supernatural burial of Jesus Christ (Luke 23:50-56) -- The resurrection of Jesus Christ (Luke 24:1-12) -- Christ: the living expositor (Luke 24:13-32) -- The living Christ dispels all doubt (Luke 24:33-43) -- The Great Commission: proclaiming forgiveness (Luke 24:44-49) -- The significance of the ascension (Luke 24:50-53).
630 0 0 _aBible.
_pLuke, XVIII-XXIV
_vCommentaries.
_912451
800 1 _aMacArthur, John,
_d1939-
_tMacArthur New Testament commentary.
_912401
856 4 2 _3Contributor biographical information
_uhttp://www.loc.gov/catdir/enhancements/fy1511/2012287868-b.html
856 4 2 _3Publisher description
_uhttp://www.loc.gov/catdir/enhancements/fy1511/2012287868-d.html
906 _a7
_bcbc
_ccopycat
_d2
_encip
_f20
_gy-gencatlg
942 _2ddc
_cREF